Rastlinožravé ryby v našich vodách

Bibliographic Details
Main Author: Žitňan, Rudolf, 1930-1996 (Author)
Format: Article
Language:Slovak
PhysicalDescription:Obr. 5.
Subjects:

MARC

LEADER 00000nab a2200000 a 4500
001 vtls000071227
003 SK-MaSNL
005 20260304074121.0
008 250422c1980 xo 0 slo
015 |a SNBRB19rr/mm-uuuuu 
035 |a CL0081328 
035 |a urn:nbn:sk:snk-abej0o 
035 |a (urnnbn)urn:nbn:sk:snk:ar-006x5q 
035 |a (uuid)5b4b81cc-42dc-4e1e-871f-e69580af86d2 
040 |a SNKBUCL  |b slo  |c SNKBUCL  |e AACR2 
041 0 |a slo 
044 |a xo  |c SK 
080 |a 597  |2 1981 
080 |a 639.2  |2 1981 
100 1 |a Žitňan, Rudolf,  |d 1930-1996  |4 aut  |9 37722 
245 1 0 |a Rastlinožravé ryby v našich vodách  |c Rudolf Žitňan 
300 |b Obr. 5. 
650 0 7 |a ryby rastlinožravé  |2 snkbucl  |9 1307442 
650 0 7 |a tolstolobik pestrý  |2 snkbucl  |9 20312 
650 0 7 |a tolstolobik biely  |2 snkbucl  |9 150679 
655 7 |a články z novín a časopisov  |2 snkbucl  |9 267496 
773 0 |t Poľovníctvo a rybárstvo  |g Roč. 32, č. 12 (1980), s. 32-33 
850 |a Slovenská národná knižnica 
852 |a Slovenská národná knižnica 
954 |a odborná, vedecká literatúra pôvodná (slovenská)  |2 lita 
958 |a article27 
958 |a RK 
958 |a OND 
958 |a EUIPO 
992 |a RBX 
999 |c 2774721  |d 2776651